[Event "2. Bundesliga Ost 2012/2013"]
[Site "6.+7.10., 17.+18.11., 1.12., 2.+3.2., 9.+10.3., 6.
[Date "2012.10.06"]
[Round "1"]
[Board "1"]
[White "Kummer, Helmut"]
[Black "Schroll, Gerhard"]
[Result "0-1"]
[WhiteElo "2353"]
[BlackElo "2403"]
[PlyCount "84"]
[EventDate "2012.10.06"]
[EventType "team"]
[EventRounds "11"]
[EventCountry "AUT"]
[WhiteTeam "Purbach"]
[BlackTeam "Zwettl 2"]

1. d4 e6 2. c4 Bb4+ 3. Bd2 a5 4. e4 d5 5. cxd5 exd5 6. e5 Ne7 7. a3 Bxd2+ 8.
Qxd2 O-O 9. Nf3 Nbc6 10. h3 Bf5 11. Nc3 f6 12. exf6 Rxf6 13. Be2 Ng6 14. Ne5
Be6 15. Nxc6 bxc6 16. g3 Qd7 17. h4 Bg4 18. O-O-O Bxe2 19. Qxe2 Re8 20. Qd2 Rf3
21. Rde1 Ref8 22. Re2 Qf5 23. h5 Nh8 24. h6 g6 25. Rhe1 Nf7 26. Nd1 Rd3 27. Qc2
Rxd4 28. Qxf5 gxf5 29. Rc2 Nd6 30. Rxc6 Rf7 31. Re5 f4 32. g4 f3 33. Ne3 Re4
34. Rg5+ Kf8 35. Nxd5 Re1+ 36. Kd2 Re2+ 37. Kd3 Ne4 38. Rf5 Nxf2+ 39. Kd4 Re4+
40. Kc3 Nd1+ 41. Kb3 Rxf5 42. gxf5 f2 0-1

[Event "2. Bundesliga Ost 2012/2013"]
[Site "6.+7.10., 17.+18.11., 1.12., 2.+3.2., 9.+10.3., 6.
[Date "2012.10.06"]
[Round "1"]
[Board "2"]
[White "Blatny, Pavel"]
[Black "Heiny, Johannes"]
[Result "1-0"]
[WhiteElo "2420"]
[BlackElo "2264"]
[PlyCount "89"]
[EventDate "2012.10.06"]
[EventType "team"]
[EventRounds "11"]
[EventCountry "AUT"]
[WhiteTeam "Zwettl 2"]
[BlackTeam "Purbach"]

1. g3 Nf6 2. Bg2 d5 3. c4 c6 4. cxd5 cxd5 5. d4 Nc6 6. Nc3 e6 7. f3 Qb6 8. e3
Be7 9. Nge2 O-O 10. O-O Rd8 11. f4 Bd7 12. h3 Qa6 13. g4 Nb4 14. g5 Ne8 15. Ng3
Nd6 16. h4 Rac8 17. h5 Qd3 18. Qf3 Nc2 19. Rd1 Qa6 20. Rb1 Na3 21. Nxd5 exd5
22. bxa3 Rc2 23. g6 Nf5 24. gxf7+ Kf8 25. Bf1 Nh4 26. Qh1 Qe6 27. f5 Qd6 28.
Ne2 Rxe2 29. Bxe2 Qg3+ 30. Kf1 Bxf5 31. Bd3 Bh3+ 32. Ke2 Bg4+ 33. Kd2 Qf2+ 34.
Kc3 Rc8+ 35. Kb3 Qf6 36. Kb2 Bxd1 37. Qxd1 Nf3 38. Ka1 Bc5 39. Bb2 Bb6 40. Bxh7
Qxf7 41. Bg6 Qf6 42. Qe2 Kg8 43. Rf1 Rf8 44. Qd1 Kh8 45. Bd3 1-0

[Event "2. Bundesliga Ost 2012/2013"]
[Site "6.+7.10., 17.+18.11., 1.12., 2.+3.2., 9.+10.3., 6.
[Date "2012.10.06"]
[Round "1"]
[Board "3"]
[White "Wolfram, Bernd"]
[Black "Pisk, Petr"]
[Result "1/2-1/2"]
[WhiteElo "2234"]
[BlackElo "2389"]
[PlyCount "60"]
[EventDate "2012.10.06"]
[EventType "team"]
[EventRounds "11"]
[EventCountry "AUT"]
[WhiteTeam "Purbach"]
[BlackTeam "Zwettl 2"]

1. c4 e5 2. g3 Nc6 3. Bg2 Nf6 4. Nc3 Bb4 5. Nd5 Bc5 6. d3 h6 7. Nf3 d6 8. O-O
O-O 9. a3 a5 10. e3 Re8 11. b3 Nxd5 12. cxd5 Ne7 13. d4 exd4 14. Nxd4 Nf5 15.
Ne2 Bd7 16. e4 Qf6 17. Ra2 Nd4 18. Bb2 Nxe2+ 19. Qxe2 Bd4 20. Rc1 c5 21. dxc6
Bxc6 22. Bxd4 Qxd4 23. Rd2 Qb6 24. Qd1 Bxe4 25. Rxd6 Qb5 26. Bxe4 Rxe4 27. Qd5
Re5 28. Qxb5 Rxb5 29. Rc3 Rf8 30. Rd7 Rb6 1/2-1/2

[Event "2. Bundesliga Ost 2012/2013"]
[Site "6.+7.10., 17.+18.11., 1.12., 2.+3.2., 9.+10.3., 6.
[Date "2012.10.06"]
[Round "1"]
[Board "4"]
[White "Wagner, Stefan"]
[Black "Zimmermann, Heinz"]
[Result "1-0"]
[WhiteElo "2178"]
[BlackElo "2177"]
[PlyCount "69"]
[EventDate "2012.10.06"]
[EventType "team"]
[EventRounds "11"]
[EventCountry "AUT"]
[WhiteTeam "Zwettl 2"]
[BlackTeam "Purbach"]

1. c4 Nf6 2. g3 g6 3. Bg2 Bg7 4. Nc3 O-O 5. e4 d6 6. Nge2 e5 7. O-O c5 8. a3
Nc6 9. Rb1 a6 10. b4 cxb4 11. axb4 b5 12. cxb5 axb5 13. d3 Rb8 14. h3 Be6 15.
f4 Ne7 16. Be3 Qd7 17. Kh2 Rfd8 18. Qd2 Rbc8 19. Rbc1 Nh5 20. Bb6 exf4 21. gxf4
Re8 22. Be3 d5 23. e5 Nf5 24. Bc5 d4 25. Ne4 Ne3 26. Nxd4 Nxf1+ 27. Rxf1 Ra8
28. Nxe6 Qxe6 29. d4 Ra2 30. Qd3 Rea8 31. Nc3 R8a3 32. Qxb5 h6 33. Nxa2 Rxa2
34. Qd3 Qd5 35. Qf3 1-0

[Event "2. Bundesliga Ost 2012/2013"]
[Site "6.+7.10., 17.+18.11., 1.12., 2.+3.2., 9.+10.3., 6.
[Date "2012.10.06"]
[Round "1"]
[Board "5"]
[White "Heiny, Michael"]
[Black "Buchnicek, Petr"]
[Result "0-1"]
[WhiteElo "2090"]
[BlackElo "2352"]
[PlyCount "106"]
[EventDate "2012.10.06"]
[EventType "team"]
[EventRounds "11"]
[EventCountry "AUT"]
[WhiteTeam "Purbach"]
[BlackTeam "Zwettl 2"]

1. d4 f5 2. c4 e6 3. Nf3 Nf6 4. g3 d5 5. Bg2 c6 6. O-O Bd6 7. Bf4 Bxf4 8. gxf4
O-O 9. Nbd2 Ne4 10. e3 Nd7 11. Ne5 Nxe5 12. dxe5 Nxd2 13. Qxd2 b6 14. Rfd1 Bb7
15. Rac1 Qe7 16. b4 Rfd8 17. Qc3 Rac8 18. Qb3 Ba6 19. cxd5 cxd5 20. b5 Bb7 21.
Qa4 Rxc1 22. Rxc1 Rc8 23. Rxc8+ Bxc8 24. Qc2 Qc5 25. Qxc5 bxc5 26. Kf1 Kf8 27.
Ke1 Ke7 28. Kd2 Kd8 29. Bf1 Kc7 30. Kc3 Kb6 31. a4 Ka5 32. Kb3 a6 33. Ka3 c4
34. bxa6 Bxa6 35. Be2 Bc8 36. Bd1 Bd7 37. Bc2 Bc6 38. Bd1 Be8 39. h3 Bd7 40.
Bc2 Bc6 41. f3 Bd7 42. Bd1 Be8 43. Bc2 Bh5 44. Bd1 g5 45. fxg5 f4 46. exf4 d4
47. h4 d3 48. Kb2 Kb4 49. a5 c3+ 50. Kb1 Kxa5 51. Bb3 Bxf3 52. Bxe6 d2 53. Bb3
Be4+ 0-1

[Event "2. Bundesliga Ost 2012/2013"]
[Site "6.+7.10., 17.+18.11., 1.12., 2.+3.2., 9.+10.3., 6.
[Date "2012.10.06"]
[Round "1"]
[Board "6"]
[White "Stadler, Peter"]
[Black "Bauer, Manfred"]
[Result "1/2-1/2"]
[WhiteElo "2129"]
[BlackElo "1938"]
[PlyCount "66"]
[EventDate "2012.10.06"]
[EventType "team"]
[EventRounds "11"]
[EventCountry "AUT"]
[WhiteTeam "Zwettl 2"]
[BlackTeam "Purbach"]

1. d4 d5 2. c4 c6 3. Nf3 Bf5 4. Nc3 e6 5. Qb3 Qb6 6. c5 Qxb3 7. axb3 Na6 8. Kd2
Nc7 9. Nh4 Nf6 10. Nxf5 exf5 11. f3 g6 12. Kc2 Bg7 13. e3 O-O 14. Bd3 Rfe8 15.
g3 a6 16. Bd2 Re7 17. Rhe1 Rae8 18. Re2 Bh6 19. Rae1 Nb5 20. Na4 Nd7 21. b4 Nf8
22. Nc3 Ne6 23. Bxb5 axb5 24. h4 Bg7 25. Kd3 Ra8 26. Rh2 h5 27. Rhe2 Ree8 28.
Nd1 Kf8 29. Bc3 Red8 30. Nf2 Bf6 31. Nh3 Re8 32. Nf4 Nxf4+ 33. exf4 Rxe2
1/2-1/2

[Event "2. Bundesliga Ost 2012/2013"]
[Site "6.+7.10., 17.+18.11., 1.12., 2.+3.2., 9.+10.3., 6.
[Date "2012.10.06"]
[Round "1"]
[Board "1"]
[White "Penz, Harald"]
[Black "Zilka, Stepan"]
[Result "1/2-1/2"]
[WhiteElo "2311"]
[BlackElo "2529"]
[PlyCount "63"]
[EventDate "2012.10.06"]
[EventType "team"]
[EventRounds "11"]
[EventCountry "AUT"]
[WhiteTeam "SK Hietzing"]
[BlackTeam "Blackburne Nickelsdorf"]

1. e4 c5 2. c3 d5 3. exd5 Qxd5 4. d4 Nf6 5. Nf3 Bg4 6. Be2 e6 7. h3 Bh5 8. O-O
cxd4 9. cxd4 Nc6 10. Nc3 Qd6 11. Be3 Be7 12. Qb3 O-O 13. Rfd1 Rfd8 14. Rac1 h6
15. Rd2 a6 16. d5 exd5 17. Rcd1 Bxf3 18. Bxf3 Na5 19. Qb6 Nc4 20. Qxd6 Bxd6 21.
Re2 Nxe3 22. fxe3 Bc5 23. Nxd5 Nxd5 24. Rxd5 Rxd5 25. Bxd5 Ra7 26. Kf1 b6 27.
e4 Kf8 28. Rc2 Ke7 29. Ke2 a5 30. a3 Rd7 31. Rc4 Rc7 32. b4 1/2-1/2

[Event "2. Bundesliga Ost 2012/2013"]
[Site "6.+7.10., 17.+18.11., 1.12., 2.+3.2., 9.+10.3., 6.
[Date "2012.10.06"]
[Round "1"]
[Board "2"]
[White "Pinter, Erik"]
[Black "Vechet, Stanislav"]
[Result "1-0"]
[WhiteElo "2379"]
[BlackElo "2176"]
[PlyCount "113"]
[EventDate "2012.10.06"]
[EventType "team"]
[EventRounds "11"]
[EventCountry "AUT"]
[WhiteTeam "Blackburne Nickelsdorf"]
[BlackTeam "SK Hietzing"]

1. e4 e5 2. Nf3 Nc6 3. Bb5 a6 4. Ba4 Nf6 5. O-O Be7 6. Re1 b5 7. Bb3 O-O 8. h3
Bb7 9. d3 d6 10. a3 Na5 11. Ba2 c5 12. Nbd2 Bc8 13. Nf1 Be6 14. Ng3 Bxa2 15.
Rxa2 g6 16. a4 b4 17. Be3 Nc6 18. Nd2 Re8 19. Nb3 Nd7 20. Rf1 Bh4 21. Qg4 Bxg3
22. fxg3 Nd4 23. Nxd4 exd4 24. Bh6 Qe7 25. b3 Qe6 26. Qf3 Ne5 27. Qf4 Nd7 28.
Raa1 f6 29. Rf2 Re7 30. Raf1 Rae8 31. g4 Rf7 32. Qg3 Ree7 33. Bc1 g5 34. Rf5 h6
35. Qf2 Kg7 36. Bd2 a5 37. Be1 Ne5 38. Qd2 Re8 39. Bg3 Ref8 40. R1f2 Kg6 41.
Kf1 Rh8 42. Ke2 Kg7 43. Kd1 Kf8 44. Rf1 Ke7 45. Qf2 Rhh7 46. Kd2 Rhg7 47. Rh1
Rg6 48. Bxe5 dxe5 49. Ke2 Rh7 50. Qf3 Qg8 51. Rf1 Qe6 52. Kd2 Rhg7 53. Kc1 Rf7
54. Kb2 Rgg7 55. g3 Rg6 56. h4 Rh7 57. h5 1-0

[Event "2. Bundesliga Ost 2012/2013"]
[Site "6.+7.10., 17.+18.11., 1.12., 2.+3.2., 9.+10.3., 6.
[Date "2012.10.06"]
[Round "1"]
[Board "3"]
[White "Prager, Manfred"]
[Black "Bachofner, Andreas"]
[Result "1/2-1/2"]
[WhiteElo "2035"]
[BlackElo "2207"]
[PlyCount "61"]
[EventDate "2012.10.06"]
[EventType "team"]
[EventRounds "11"]
[EventCountry "AUT"]
[WhiteTeam "SK Hietzing"]
[BlackTeam "Blackburne Nickelsdorf"]

1. e4 d5 2. exd5 Qxd5 3. Nc3 Qa5 4. d4 Nf6 5. Bd2 c6 6. Nf3 Bf5 7. Bc4 e6 8.
O-O Nbd7 9. Nd5 Qd8 10. Nxf6+ gxf6 11. c3 Qc7 12. Nh4 Bg6 13. Re1 Bg7 14. Qf3
O-O 15. Nxg6 hxg6 16. Bf4 Qd8 17. Qh3 Re8 18. Rad1 f5 19. Qg3 Nf6 20. Bg5 Qb8
21. Qxb8 Raxb8 22. Bf4 Rbd8 23. Be5 Nd5 24. Bb3 Rd7 25. h3 Bxe5 26. dxe5 Red8
27. g3 Kg7 28. Rd2 Nb6 29. Rxd7 Rxd7 30. Kf1 Rd2 31. Re2 1/2-1/2

[Event "2. Bundesliga Ost 2012/2013"]
[Site "6.+7.10., 17.+18.11., 1.12., 2.+3.2., 9.+10.3., 6.
[Date "2012.10.06"]
[Round "1"]
[Board "4"]
[White "Bachofner, Christian"]
[Black "Kraupfogel, Manfred"]
[Result "1-0"]
[WhiteElo "2082"]
[BlackElo "2025"]
[PlyCount "79"]
[EventDate "2012.10.06"]
[EventType "team"]
[EventRounds "11"]
[EventCountry "AUT"]
[WhiteTeam "Blackburne Nickelsdorf"]
[BlackTeam "SK Hietzing"]

1. e4 e5 2. Nf3 Nc6 3. Nc3 Nf6 4. g3 d6 5. Bg2 Bg4 6. h3 Bd7 7. d3 Be7 8. Be3
O-O 9. O-O Qc8 10. Kh2 Nd8 11. d4 exd4 12. Nxd4 Nc6 13. Nxc6 Bxc6 14. Qd3 Re8
15. Rad1 Nd7 16. f4 Nf8 17. b4 Bd7 18. f5 c6 19. Bd4 c5 20. bxc5 dxc5 21. Be3
Bc6 22. Nd5 Bxd5 23. exd5 Bd6 24. Bf4 Qc7 25. Qb5 Re7 26. Qb2 f6 27. Rf2 Rae8
28. Bf1 a6 29. a4 Bxf4 30. Rxf4 Qd6 31. a5 Re3 32. Bg2 g5 33. fxg6 Nxg6 34.
Qxf6 R8e6 35. Qf7+ Kh8 36. dxe6 Qxd1 37. Qf6+ Kg8 38. Qf7+ Kh8 39. Qe8+ Kg7 40.
Qd7+ 1-0

[Event "2. Bundesliga Ost 2012/2013"]
[Site "6.+7.10., 17.+18.11., 1.12., 2.+3.2., 9.+10.3., 6.
[Date "2012.10.06"]
[Round "1"]
[Board "5"]
[White "Prager, Michael"]
[Black "Gutsch, Franz"]
[Result "0-1"]
[WhiteElo "1996"]
[BlackElo "2076"]
[PlyCount "100"]
[EventDate "2012.10.06"]
[EventType "team"]
[EventRounds "11"]
[EventCountry "AUT"]
[WhiteTeam "SK Hietzing"]
[BlackTeam "Blackburne Nickelsdorf"]

1. e4 e6 2. d4 d5 3. exd5 exd5 4. Qf3 c6 5. Bd3 Qf6 6. c3 Bd6 7. Be3 Qxf3 8.
Nxf3 Ne7 9. Nbd2 Bf5 10. Bxf5 Nxf5 11. Nf1 Nd7 12. O-O-O O-O-O 13. Bd2 Bc7 14.
Ng3 Nxg3 15. hxg3 Rde8 16. Rde1 Nf6 17. Rxe8+ Rxe8 18. Re1 Rxe1+ 19. Nxe1 Ne4
20. Be3 Kd7 21. Nf3 Ke6 22. Ng5+ Nxg5 23. Bxg5 Kf5 24. Be3 Kg4 25. Kd2 Bxg3 26.
f3+ Kf5 27. Kd3 g5 28. a4 h5 29. b3 g4 30. fxg4+ Kxg4 31. c4 f5 32. Ke2 Bf4 33.
Bf2 Bc1 34. c5 Bg5 35. Be1 Bf4 36. Bf2 Bg3 37. Bg1 Kf4 38. Kd3 Be1 39. Bh2+ Bg3
40. Bg1 h4 41. Be3+ Kg4 42. Ke2 Bf4 43. Bf2 Bg5 44. Be1 Bc1 45. Bf2 f4 46. Be1
Be3 47. Kd3 h3 48. gxh3+ Kxh3 49. Bc3 Kg2 50. Be1 Bg1 0-1

[Event "2. Bundesliga Ost 2012/2013"]
[Site "6.+7.10., 17.+18.11., 1.12., 2.+3.2., 9.+10.3., 6.
[Date "2012.10.06"]
[Round "1"]
[Board "6"]
[White "Steinert, Martin"]
[Black "Allram, Sebastian"]
[Result "1/2-1/2"]
[WhiteElo "2094"]
[BlackElo "1972"]
[PlyCount "57"]
[EventDate "2012.10.06"]
[EventType "team"]
[EventRounds "11"]
[EventCountry "AUT"]
[WhiteTeam "Blackburne Nickelsdorf"]
[BlackTeam "SK Hietzing"]

1. c4 c5 2. Nc3 g6 3. g3 Bg7 4. Bg2 Nc6 5. a3 e6 6. Rb1 Nge7 7. b4 cxb4 8. axb4
O-O 9. b5 Na5 10. Qa4 Qc7 11. Ba3 Nxc4 12. Bxe7 Nxd2 13. Kxd2 Bxc3+ 14. Kd3 Ba5
15. Qc4 Qxc4+ 16. Kxc4 d5+ 17. Kd3 Re8 18. Bf6 e5 19. Bxd5 Bd8 20. Bxd8 Rxd8
21. Kc4 Bf5 22. Rd1 Rac8+ 23. Kb4 Be4 24. Bxf7+ Kxf7 25. Nf3 Bxf3 26. exf3 Ke6
27. Rhe1 Rxd1 28. Rxd1 Rc2 29. Ra1 1/2-1/2

[Event "2. Bundesliga Ost 2012/2013"]
[Site "6.+7.10., 17.+18.11., 1.12., 2.+3.2., 9.+10.3., 6.
[Date "2012.10.07"]
[Round "2"]
[Board "1"]
[White "Certek, Pavel"]
[Black "Zilka, Stepan"]
[Result "1/2-1/2"]
[WhiteElo "2315"]
[BlackElo "2529"]
[PlyCount "38"]
[EventDate "2012.10.06"]
[EventType "team"]
[EventRounds "11"]
[EventCountry "AUT"]
[WhiteTeam "ASVOE Mattersburg"]
[BlackTeam "Blackburne Nickelsdorf"]

1. d4 Nf6 2. c4 e6 3. Nf3 d5 4. Nc3 dxc4 5. e3 a6 6. Bxc4 b5 7. Be2 Bb7 8. b3
Nbd7 9. Bb2 c5 10. O-O Be7 11. dxc5 Nxc5 12. b4 Ncd7 13. a4 bxa4 14. Qxa4 O-O
15. Rfd1 Qb6 16. b5 Nc5 17. Qa5 Qxa5 18. Rxa5 axb5 19. Rxa8 Rxa8 1/2-1/2

[Event "2. Bundesliga Ost 2012/2013"]
[Site "6.+7.10., 17.+18.11., 1.12., 2.+3.2., 9.+10.3., 6.
[Date "2012.10.07"]
[Round "2"]
[Board "2"]
[White "Pinter, Erik"]
[Black "Petran, Peter"]
[Result "1/2-1/2"]
[WhiteElo "2379"]
[BlackElo "2277"]
[PlyCount "109"]
[EventDate "2012.10.06"]
[EventType "team"]
[EventRounds "11"]
[EventCountry "AUT"]
[WhiteTeam "Blackburne Nickelsdorf"]
[BlackTeam "ASVOE Mattersburg"]

1. e4 g6 2. d4 Bg7 3. Nc3 c6 4. Nf3 d6 5. Be2 Nf6 6. O-O O-O 7. Re1 Bg4 8. Be3
Nbd7 9. a4 Rc8 10. h3 Bxf3 11. Bxf3 Qa5 12. Qd2 Rfd8 13. Nb1 Qxd2 14. Nxd2 d5
15. c3 dxe4 16. Nxe4 Nxe4 17. Bxe4 Nf6 18. Bf3 e6 19. Bf4 Nd5 20. Be5 Bh6 21.
a5 Rd7 22. Ra3 Bf8 23. Ra4 Rcd8 24. Rc4 a6 25. Ra4 Bg7 26. Bxg7 Kxg7 27. Ra3 g5
28. Rb3 h6 29. g3 Rc7 30. Kg2 Re7 31. Rh1 f5 32. Re1 Nf6 33. Re5 Kf7 34. Ra3
Nd7 35. Re1 Kf6 36. Rb3 Nf8 37. Bh5 Rd5 38. Ra3 e5 39. dxe5+ Rexe5 40. Rxe5
Kxe5 41. c4 Rd7 42. Re3+ Kf6 43. Re8 Ne6 44. Rh8 Kg7 45. Rb8 Nc5 46. b4 Nd3 47.
b5 axb5 48. cxb5 cxb5 49. Be8 Rc7 50. Bxb5 Nc5 51. Bc4 Nd7 52. Rd8 Ne5 53. Bd5
Rc5 54. Bxb7 Rxa5 55. Rd5 1/2-1/2

[Event "2. Bundesliga Ost 2012/2013"]
[Site "6.+7.10., 17.+18.11., 1.12., 2.+3.2., 9.+10.3., 6.
[Date "2012.10.07"]
[Round "2"]
[Board "3"]
[White "Brod, Manfred"]
[Black "Vlcek, Stanislav"]
[Result "0-1"]
[WhiteElo "2234"]
[BlackElo "2292"]
[PlyCount "92"]
[EventDate "2012.10.06"]
[EventType "team"]
[EventRounds "11"]
[EventCountry "AUT"]
[WhiteTeam "ASVOE Mattersburg"]
[BlackTeam "Blackburne Nickelsdorf"]

1. e4 c5 2. Nf3 d6 3. d4 cxd4 4. Nxd4 Nf6 5. Nc3 a6 6. Be2 e6 7. f4 Be7 8. a4
Nc6 9. Be3 O-O 10. O-O Bd7 11. g4 Nxd4 12. Bxd4 Bc6 13. Bd3 e5 14. fxe5 dxe5
15. Bxe5 Qb6+ 16. Kh1 Qxb2 17. Rf5 Qb4 18. Qf3 Nd7 19. Rb1 Nxe5 20. Rxe5 Qxc3
21. Rxe7 Qc5 22. Rc7 Qe5 23. Qg3 Qxg3 24. hxg3 Rac8 25. Rxc8 Rxc8 26. g5 Re8
27. Rb4 Re5 28. Rd4 Kf8 29. g6 hxg6 30. Kg1 Ke7 31. c3 Rc5 32. Bc4 b5 33. axb5
axb5 34. Be2 Rxc3 35. Kf2 Ke6 36. Rb4 Rc2 37. Ke3 Rc5 38. Kd4 Rg5 39. Rb3 Kd6
40. Rc3 f6 41. Rb3 Re5 42. Bd3 Kc7 43. Rb2 Kb6 44. Rh2 Re7 45. Rc2 Rd7+ 46. Ke3
b4 0-1

[Event "2. Bundesliga Ost 2012/2013"]
[Site "6.+7.10., 17.+18.11., 1.12., 2.+3.2., 9.+10.3., 6.
[Date "2012.10.07"]
[Round "2"]
[Board "4"]
[White "Bachofner, Andreas"]
[Black "Wiedner, Robert"]
[Result "1-0"]
[WhiteElo "2207"]
[BlackElo "2133"]
[PlyCount "113"]
[EventDate "2012.10.06"]
[EventType "team"]
[EventRounds "11"]
[EventCountry "AUT"]
[WhiteTeam "Blackburne Nickelsdorf"]
[BlackTeam "ASVOE Mattersburg"]

1. e4 c5 2. Nc3 Nc6 3. f4 d6 4. Nf3 a6 5. a4 g6 6. Bc4 Bg7 7. O-O Nd4 8. Nxd4
cxd4 9. Ne2 Be6 10. Bxe6 fxe6 11. d3 Rc8 12. Bd2 Qb6 13. b4 Nf6 14. Kh1 Ng4 15.
Qb1 d5 16. e5 g5 17. h3 Ne3 18. Bxe3 dxe3 19. d4 gxf4 20. Rxf4 Qc7 21. c3 Qc4
22. Qf1 Kd7 23. Qf3 Qd3 24. Rf1 Rcf8 25. Qg4 Rxf4 26. Rxf4 Bh6 27. Rf7 Rf8 28.
Rxf8 Bxf8 29. Nf4 Qf5 30. Qxf5 exf5 31. Kg1 e6 32. Nd3 b6 33. Kf1 a5 34. bxa5
bxa5 35. Ke2 Ke8 36. Kxe3 Kf7 37. Nf4 Bh6 38. g3 Bg5 39. Kf3 Bh6 40. g4 fxg4+
41. Kxg4 Ke7 42. h4 Kf7 43. Kg3 Ke7 44. Kf3 Kf7 45. Nh3 Bd2 46. Ng5+ Ke7 47.
Nxh7 Bxc3 48. Ke3 Bb2 49. Nf6 Bc1+ 50. Kd3 Bf4 51. Ng4 Kf7 52. h5 Bc1 53. Nf6
Ke7 54. h6 Kf7 55. h7 Kg7 56. Ne8+ Kxh7 57. Nc7 1-0

[Event "2. Bundesliga Ost 2012/2013"]
[Site "6.+7.10., 17.+18.11., 1.12., 2.+3.2., 9.+10.3., 6.
[Date "2012.10.07"]
[Round "2"]
[Board "5"]
[White "Salamon, Werner"]
[Black "Bachofner, Christian"]
[Result "1/2-1/2"]
[WhiteElo "2133"]
[BlackElo "2082"]
[PlyCount "81"]
[EventDate "2012.10.06"]
[EventType "team"]
[EventRounds "11"]
[EventCountry "AUT"]
[WhiteTeam "ASVOE Mattersburg"]
[BlackTeam "Blackburne Nickelsdorf"]

1. e4 c5 2. Nf3 d6 3. Nc3 Nf6 4. d4 cxd4 5. Nxd4 a6 6. a4 e5 7. Nb3 Be7 8. Be2
Be6 9. Be3 Nbd7 10. O-O O-O 11. Qd2 Rc8 12. Rfd1 Qc7 13. a5 h6 14. Bf3 Rfd8 15.
Qe1 Nc5 16. Nxc5 dxc5 17. Rxd8+ Rxd8 18. Na4 Qc6 19. Nb6 c4 20. h3 Qb5 21. Bd2
Bc5 22. Bc3 Bd4 23. Rd1 Qc5 24. g4 Kh7 25. Kg2 Bxc3 26. bxc3 Rxd1 27. Qxd1 Qxa5
28. Qd6 Qb5 29. Qc7 a5 30. Be2 a4 31. Bxc4 Bxc4 32. Nxc4 Qc6 33. Qxf7 Qxe4+ 34.
Kg1 Qe1+ 35. Kg2 Qe4+ 36. Kg1 Nd5 37. g5 hxg5 38. Qh5+ Kg8 39. Qe8+ Kh7 40.
Qh5+ Kg8 41. Qe8+ 1/2-1/2

[Event "2. Bundesliga Ost 2012/2013"]
[Site "6.+7.10., 17.+18.11., 1.12., 2.+3.2., 9.+10.3., 6.
[Date "2012.10.07"]
[Round "2"]
[Board "6"]
[White "Kuntner, Reinhard"]
[Black "Savio, Alfred Jun."]
[Result "1-0"]
[WhiteElo "2066"]
[BlackElo "2035"]
[PlyCount "103"]
[EventDate "2012.10.06"]
[EventType "team"]
[EventRounds "11"]
[EventCountry "AUT"]
[WhiteTeam "Blackburne Nickelsdorf"]
[BlackTeam "ASVOE Mattersburg"]

1. c4 Nf6 2. Nc3 e6 3. e4 d5 4. e5 d4 5. exf6 dxc3 6. bxc3 Qxf6 7. Nf3 e5 8.
Bd3 Nc6 9. O-O Be7 10. Be4 O-O 11. Qb3 h6 12. Bb2 Bd6 13. d4 Re8 14. c5 Bf8 15.
Bxc6 bxc6 16. Nxe5 Bxc5 17. Rfe1 Bf8 18. Ba3 Be6 19. Qa4 c5 20. h3 Qf4 21. Nf3
Red8 22. Re3 Rab8 23. Qa5 cxd4 24. Nxd4 Bd5 25. Bxf8 Kxf8 26. Rae1 Kg8 27. g3
Qf6 28. Qxc7 Rb2 29. R3e2 Rdb8 30. Qe5 Rxe2 31. Qxe2 Qg6 32. g4 Rb1 33. Nf5
Rxe1+ 34. Qxe1 Kh7 35. a3 Be6 36. Nd4 Bd5 37. Nf5 Be6 38. Qe5 h5 39. f3 hxg4
40. hxg4 Qg5 41. Qe3 Qf6 42. Nd4 Bd5 43. Qd3+ Kg8 44. c4 Bb7 45. Kg2 Qf4 46.
Nf5 Qxg4+ 47. Kf2 Qh5 48. Ne7+ Kh8 49. Qd8+ Kh7 50. Qg8+ Kh6 51. Qh8+ Kg5 52.
Qxg7+ 1-0

[Event "2. Bundesliga Ost 2012/2013"]
[Site "6.+7.10., 17.+18.11., 1.12., 2.+3.2., 9.+10.3., 6.
[Date "2012.10.07"]
[Round "2"]
[Board "1"]
[White "Schroll, Gerhard"]
[Black "Penz, Harald"]
[Result "1/2-1/2"]
[WhiteElo "2403"]
[BlackElo "2311"]
[PlyCount "91"]
[EventDate "2012.10.06"]
[EventType "team"]
[EventRounds "11"]
[EventCountry "AUT"]
[WhiteTeam "Zwettl 2"]
[BlackTeam "SK Hietzing"]

1. c4 e6 2. b3 d5 3. Nf3 Nf6 4. Bb2 Be7 5. e3 O-O 6. Nc3 b6 7. cxd5 Nxd5 8.
Nxd5 exd5 9. Be2 c5 10. O-O Bb7 11. d4 Nd7 12. Qc2 Rc8 13. dxc5 Nxc5 14. Qd1
Ne4 15. Rc1 Qd6 16. Rxc8 Rxc8 17. Qa1 Bf6 18. Nd4 Qd7 19. h3 Rc7 20. Rc1 Rxc1+
21. Qxc1 Qc8 22. Qxc8+ Bxc8 23. Nc6 Bxb2 24. Ne7+ Kf8 25. Nxc8 d4 26. Nxa7 Nc3
27. Kf1 Nxa2 28. exd4 Bxd4 29. Nc6 Bc5 30. Bc4 Ke8 31. Ne5 f6 32. Nd3 Bd6 33.
Ke2 Nb4 34. Ne1 Ke7 35. Nf3 Bc5 36. Bg8 h6 37. Nh4 Nc6 38. Bd5 Nb4 39. Bc4 Nc6
40. Nf5+ Kf8 41. Ne3 g6 42. f4 Kg7 43. g4 f5 44. gxf5 Nd4+ 45. Kd3 Nxf5 46.
Nxf5+ 1/2-1/2

[Event "2. Bundesliga Ost 2012/2013"]
[Site "6.+7.10., 17.+18.11., 1.12., 2.+3.2., 9.+10.3., 6.
[Date "2012.10.07"]
[Round "2"]
[Board "2"]
[White "Prager, Manfred"]
[Black "Blatny, Pavel"]
[Result "0-1"]
[WhiteElo "2035"]
[BlackElo "2420"]
[PlyCount "34"]
[EventDate "2012.10.06"]
[EventType "team"]
[EventRounds "11"]
[EventCountry "AUT"]
[WhiteTeam "SK Hietzing"]
[BlackTeam "Zwettl 2"]

1. e4 b6 2. d4 Bb7 3. Nc3 e6 4. Nf3 d6 5. Be2 Nd7 6. O-O g6 7. a4 a6 8. Bg5 Ne7
9. Qd2 h6 10. Be3 Bg7 11. Ne1 c5 12. f4 Qc7 13. Kh1 f5 14. Bf3 fxe4 15. Bxe4 d5
16. Bf3 Nf5 17. dxc5 d4 0-1

[Event "2. Bundesliga Ost 2012/2013"]
[Site "6.+7.10., 17.+18.11., 1.12., 2.+3.2., 9.+10.3., 6.
[Date "2012.10.07"]
[Round "2"]
[Board "3"]
[White "Pisk, Petr"]
[Black "Locatin, Marko"]
[Result "1-0"]
[WhiteElo "2389"]
[BlackElo "1983"]
[PlyCount "67"]
[EventDate "2012.10.06"]
[EventType "team"]
[EventRounds "11"]
[EventCountry "AUT"]
[WhiteTeam "Zwettl 2"]
[BlackTeam "SK Hietzing"]

1. e4 c5 2. d4 cxd4 3. c3 d3 4. Bxd3 d6 5. h3 Nc6 6. Nf3 g6 7. O-O Bg7 8. Bf4
Nf6 9. Nbd2 O-O 10. Qe2 Nd7 11. Nc4 Nde5 12. Ncxe5 dxe5 13. Be3 Qc7 14. b4 Bd7
15. a4 Nd8 16. Rfc1 Ne6 17. a5 Nf4 18. Bxf4 exf4 19. e5 Bc6 20. Be4 Rac8 21. a6
b6 22. Ra2 Rfd8 23. Bxc6 Qxc6 24. c4 e6 25. b5 Qc5 26. Qe4 Bh6 27. Raa1 Rd7 28.
Rd1 Rcd8 29. Rxd7 Rxd7 30. Qc6 Qe7 31. c5 bxc5 32. b6 axb6 33. Qxd7 Qxd7 34. a7
1-0

[Event "2. Bundesliga Ost 2012/2013"]
[Site "6.+7.10., 17.+18.11., 1.12., 2.+3.2., 9.+10.3., 6.
[Date "2012.10.07"]
[Round "2"]
[Board "4"]
[White "Linnert, Peter"]
[Black "Wagner, Stefan"]
[Result "0-1"]
[WhiteElo "2044"]
[BlackElo "2178"]
[PlyCount "62"]
[EventDate "2012.10.06"]
[EventType "team"]
[EventRounds "11"]
[EventCountry "AUT"]
[WhiteTeam "SK Hietzing"]
[BlackTeam "Zwettl 2"]

1. c4 b6 2. Nc3 Bb7 3. e4 e6 4. Nf3 Bb4 5. a3 Bxc3 6. bxc3 Bxe4 7. d3 Bb7 8.
Be3 f5 9. c5 Nf6 10. c4 O-O 11. Be2 Qe7 12. cxb6 axb6 13. Qb3 Nc6 14. O-O Na5
15. Qb2 d6 16. d4 Ne4 17. Bc1 Ba6 18. Qc2 c5 19. Bb2 Rac8 20. d5 exd5 21. cxd5
Bxe2 22. Qxe2 Qb7 23. Rfd1 b5 24. Rab1 Nc4 25. Bc1 Nc3 26. Qxc4 bxc4 27. Rxb7
Nxd1 28. Bf4 Nc3 29. Bxd6 Rf7 30. Rb2 Rd7 31. Bxc5 Rxc5 0-1